书目信息 |
| 题名: |
建设工程合同管理历年真题押题模拟卷
|
|
| 作者: | ;全国监理工程师执业资格考试命题研究中心 主编 | |
| 分册: | ||
| 出版信息: | 南京 东南大学出版社 2018.01 |
|
| 页数: | 全一册 | |
| 开本: | 28cm | |
| 丛书名: | ||
| 单 册: | ||
| 中图分类: | TU723.1-44 | |
| 科图分类: | ||
| 主题词: | 建筑工程--施工组织 , 建筑工程--施工计划 | |
| 电子资源: | ||
| ISBN: | 7-5641-7460-9 | |
| 000 | 00916nam0 2200217 450 | |
| 001 | 2462694762 | |
| 005 | 20241203172754.64 | |
| 010 | @a7-5641-7460-9@dCNY35.00 | |
| 100 | @a20241203d2018 km y0chiy0120 ea | |
| 101 | 0 | @achi |
| 102 | @aCN@b320000 | |
| 102 | @aCN@b320000 | |
| 200 | 1 | @a建设工程合同管理历年真题押题模拟卷@AJian She Gong Cheng He Tong Guan Li Li Nian Zhen Ti Ya Ti Mo Ni Juan@f全国监理工程师执业资格考试命题研究中心主编@FQuan Guo Jian Li Gong Cheng Shi Zhi Ye Zi Ge Kao Shi Ming Ti Yan Jiu Zhong Xin Zhu Bian |
| 210 | @a南京@c东南大学出版社@d2018.01 | |
| 215 | @a全一册@d28cm | |
| 606 | 0 | @a建筑工程@x施工组织 |
| 606 | 0 | @a建筑工程@x施工计划 |
| 690 | @aTU723.1-44@v4 | |
| 711 | 02 | @a全国监理工程师执业资格考试命题研究中心@AQuan Guo Jian Li Gong Cheng Shi Zhi Ye Zi Ge Kao Shi Ming Ti Yan Jiu Zhong Xin@4主编 |
| 801 | 0 | @aCN@b大连网信软件有限公司图书馆·11@c20241203 |
| 905 | @aZUCC@dTU723.1-44@e2279 | |
| 建设工程合同管理历年真题押题模拟卷/全国监理工程师执业资格考试命题研究中心主编.-南京:东南大学出版社,2018.01 |
| 全一册;28cm |
| ISBN 7-5641-7460-9:CNY35.00 |
| ● |
| 相关链接 |
|
|
|
|
正题名:建设工程合同管理历年真题押题模拟卷
索取号:TU723.1-44/2279
 
预约/预借
| 序号 | 登录号 | 条形码 | 馆藏地/架位号 | 状态 | 备注 |
| 1 | 1439500 | 214395000 | 密集书库2/ [索取号:TU723.1-44/2279] | 在馆 | |
| 2 | 1439501 | 214395019 | 密集书库2/ [索取号:TU723.1-44/2279] | 在馆 | |
| 3 | 1439502 | 214395028 | 密集书库2/ [索取号:TU723.1-44/2279] | 在馆 | |
| 4 | 1439503 | 214395037 | 密集书库2/ [索取号:TU723.1-44/2279] | 在馆 | |
| 5 | 1439504 | 214395046 | 密集书库2/ [索取号:TU723.1-44/2279] | 在馆 | |
| 6 | 1439505 | 214395055 | 密集书库2/ [索取号:TU723.1-44/2279] | 在馆 | |
| 7 | 1439506 | 214395064 | 密集书库2/ [索取号:TU723.1-44/2279] | 在馆 | |
| 8 | 1439507 | 214395073 | 密集书库2/ [索取号:TU723.1-44/2279] | 在馆 | |
| 9 | 1439508 | 214395082 | 密集书库2/ [索取号:TU723.1-44/2279] | 在馆 | |
| 10 | 1439509 | 214395091 | 密集书库2/ [索取号:TU723.1-44/2279] | 在馆 |